Islands A-Z by size - Statistics

General Stats
  • This quiz has been taken 37 times
  • The average score is 13 of 26
Answer Stats
Letter Hint Answer % Correct
C Caribbean Cuba
94%
B 3 Countries Borneo
91%
I Vikings Iceland
88%
J Jakarta Java
88%
M Lemurs Madagascar
88%
H Biggest Japanese Island Honshu
84%
L Manila Luzon
84%
T Down Under Tasmania
84%
S 3rd Biggest Indonesian Island Sumatra
78%
G Vikings Greenland
75%
K 3rd Biggest Japanese Island Kyushu
66%
Z Copenhagen Zealand
66%
N 2 countries New Guinea
59%
V Queen Elizabeth Islands Victoria Island
59%
E Queen Elizabeth Islands Ellesmere Island
56%
F Near Timor Flores
47%
A Antarctica Alexander Island
22%
D Queen Elizabeth Islands Devon Island
22%
W Russian Island near Alaska Wrangel Island
22%
Y Long, thin island north of west Russia Yuzhny Island
19%
O North of Russian Mainland October Revolution Island
16%
U Aleutian Islands Unalaska Island
16%
R Antarctic Island claimed by New Zealand Roosevelt Island
13%
P Alaskan Panhandle Prince of Wales Island
6%
Q Southwest Greenland Qeqertarsuaq
3%
X Southeast of Shanghai Xiushan
3%
No matching quizzes found
Score Distribution
Percent of People with Each Score
Percentile by Number Answered
Your Score History
You have not taken this quiz